<?xml version="1.0" encoding="UTF-8"?>
<record
    xmlns:xsi="http://www.w3.org/2001/XMLSchema-instance"
    xsi:schemaLocation="http://www.loc.gov/MARC21/slim http://www.loc.gov/standards/marcxml/schema/MARC21slim.xsd"
    xmlns="http://www.loc.gov/MARC21/slim">

  <leader>01964aam a2200409 a 4500</leader>
  <controlfield tag="001">001563831</controlfield>
  <controlfield tag="003">AR-BeUNQ</controlfield>
  <controlfield tag="005">20250604195853.0</controlfield>
  <controlfield tag="007">cr cn ||||||||</controlfield>
  <controlfield tag="008">230727s2021    ag ao  gsf   f001 0 spa  </controlfield>
  <datafield tag="015" ind1=" " ind2=" ">
    <subfield code="a">AR-2021</subfield>
  </datafield>
  <datafield tag="020" ind1=" " ind2=" ">
    <subfield code="a">978950001516</subfield>
  </datafield>
  <datafield tag="040" ind1=" " ind2=" ">
    <subfield code="a">AR-BeUNQ</subfield>
    <subfield code="b">spa</subfield>
    <subfield code="e">aacr</subfield>
    <subfield code="c">AR-BeUNQ</subfield>
  </datafield>
  <datafield tag="043" ind1=" " ind2=" ">
    <subfield code="a">s-ag---</subfield>
  </datafield>
  <datafield tag="044" ind1=" " ind2=" ">
    <subfield code="a">ag</subfield>
    <subfield code="c">ar-c</subfield>
  </datafield>
  <datafield tag="082" ind1=" " ind2=" ">
    <subfield code="a">371.1</subfield>
    <subfield code="2">21</subfield>
  </datafield>
  <datafield tag="245" ind1="0" ind2="0">
    <subfield code="a">Ambiente</subfield>
  </datafield>
  <datafield tag="250" ind1=" " ind2=" ">
    <subfield code="a">1a ed.</subfield>
  </datafield>
  <datafield tag="260" ind1=" " ind2=" ">
    <subfield code="a">Buenos Aires :</subfield>
    <subfield code="b">Ministerio de Educaci&#xF3;n,</subfield>
    <subfield code="c">2021.</subfield>
  </datafield>
  <datafield tag="300" ind1=" " ind2=" ">
    <subfield code="a">119 p. :</subfield>
    <subfield code="b">il., fot. ;</subfield>
    <subfield code="c">21 cm.</subfield>
  </datafield>
  <datafield tag="490" ind1="1" ind2=" ">
    <subfield code="a">Colecci&#xF3;n Derechos Humanos, G&#xE9;nero y ESI en la Escuela</subfield>
  </datafield>
  <datafield tag="504" ind1=" " ind2=" ">
    <subfield code="a">Bibliograf&#xED;a: p. 112-119.</subfield>
  </datafield>
  <datafield tag="505" ind1="2" ind2=" ">
    <subfield code="a">1. Introducci&#xF3;n -- 2. &#xBF;De qu&#xE9; hablamos cuando hablamos de ambiente? -- 3. El ambiente y los Derechos Humanos -- 4. V&#xED;nculo con la tarea docente --  5. Problem&#xE1;ticas ambientales a escala regional y global -- 6. Estudios de caso en Argentina -- 7. Propuestas de actividades para trabajar tem&#xE1;ticas ambientales en el aula -- 8. Recursero.</subfield>
  </datafield>
  <datafield tag="530" ind1=" " ind2=" ">
    <subfield code="a">Tambi&#xE9;n disponible  en formato digital.</subfield>
  </datafield>
  <datafield tag="650" ind1=" " ind2="7">
    <subfield code="a">Derechos Humanos</subfield>
    <subfield code="2">spines</subfield>
  </datafield>
  <datafield tag="650" ind1=" " ind2="7">
    <subfield code="a">Medios ambiente natural</subfield>
    <subfield code="2">spines</subfield>
  </datafield>
  <datafield tag="653" ind1=" " ind2=" ">
    <subfield code="a">Formaci&#xF3;n docente</subfield>
  </datafield>
  <datafield tag="710" ind1="1" ind2=" ">
    <subfield code="a">Argentina.</subfield>
    <subfield code="b">Ministerio de Educaci&#xF3;n</subfield>
    <subfield code="e">entidad responsable</subfield>
    <subfield code="4">isb</subfield>
  </datafield>
  <datafield tag="830" ind1=" " ind2="0">
    <subfield code="a">Derechos Humanos, G&#xE9;nero y ESI en la Escuela (Ministerio de Educaci&#xF3;n)</subfield>
  </datafield>
  <datafield tag="856" ind1=" " ind2=" ">
    <subfield code="z">Obra completa en PDF</subfield>
    <subfield code="u">https://www.educ.ar/recursos/158110/ambiente</subfield>
  </datafield>
  <datafield tag="929" ind1=" " ind2=" ">
    <subfield code="a">DONACION</subfield>
    <subfield code="b">Ministerio de Educaci&#xF3;n de la Naci&#xF3;n</subfield>
    <subfield code="d">200,00</subfield>
    <subfield code="e">20230629</subfield>
    <subfield code="f">PAT0080233</subfield>
    <subfield code="h">1</subfield>
    <subfield code="j">61375</subfield>
  </datafield>
  <datafield tag="929" ind1=" " ind2=" ">
    <subfield code="a">DONACION</subfield>
    <subfield code="b">Ministerio de Educacion de la Naci&#xF3;n</subfield>
    <subfield code="d">0</subfield>
    <subfield code="e">20230629</subfield>
    <subfield code="f">PAT0083355</subfield>
    <subfield code="j">59586</subfield>
  </datafield>
  <datafield tag="929" ind1=" " ind2=" ">
    <subfield code="a">DONACION</subfield>
    <subfield code="b">Ministerio de Educaci&#xF3;n de la Naci&#xF3;n</subfield>
    <subfield code="d">200,00</subfield>
    <subfield code="e">20230629</subfield>
    <subfield code="f">PAT0080234</subfield>
    <subfield code="h">2</subfield>
    <subfield code="j">61376</subfield>
  </datafield>
  <datafield tag="929" ind1=" " ind2=" ">
    <subfield code="a">DONACION</subfield>
    <subfield code="b">Ministerio de Educaci&#xF3;n de la Naci&#xF3;n</subfield>
    <subfield code="e">20230629</subfield>
    <subfield code="f">PAT0082257</subfield>
    <subfield code="j">61513</subfield>
  </datafield>
  <datafield tag="929" ind1=" " ind2=" ">
    <subfield code="a">DONACION</subfield>
    <subfield code="b">Ministerio de Educaci&#xF3;n de la Naci&#xF3;n</subfield>
    <subfield code="e">20230629</subfield>
    <subfield code="f">PAT0082256</subfield>
    <subfield code="j">61709</subfield>
  </datafield>
  <datafield tag="942" ind1=" " ind2=" ">
    <subfield code="c">LIB</subfield>
    <subfield code="n">0</subfield>
    <subfield code="2">ddc</subfield>
  </datafield>
  <datafield tag="999" ind1=" " ind2=" ">
    <subfield code="c">868</subfield>
    <subfield code="d">868</subfield>
  </datafield>
  <datafield tag="952" ind1=" " ind2=" ">
    <subfield code="0">0</subfield>
    <subfield code="1">0</subfield>
    <subfield code="a">BIBESET</subfield>
    <subfield code="b">BIBESET</subfield>
    <subfield code="c">circulacion</subfield>
    <subfield code="d">2022-08-04</subfield>
    <subfield code="o">371.1 AMB</subfield>
    <subfield code="p">59586</subfield>
    <subfield code="r">2023-09-08</subfield>
    <subfield code="t">1</subfield>
    <subfield code="y">LIB</subfield>
  </datafield>
  <datafield tag="952" ind1=" " ind2=" ">
    <subfield code="0">0</subfield>
    <subfield code="1">0</subfield>
    <subfield code="a">BIBESET</subfield>
    <subfield code="b">BIBESET</subfield>
    <subfield code="c">sala</subfield>
    <subfield code="d">2023-09-08</subfield>
    <subfield code="o">371.1 AMB</subfield>
    <subfield code="p">61375</subfield>
    <subfield code="r">2023-09-08</subfield>
    <subfield code="t">2</subfield>
    <subfield code="y">LIB</subfield>
  </datafield>
  <datafield tag="952" ind1=" " ind2=" ">
    <subfield code="0">0</subfield>
    <subfield code="1">0</subfield>
    <subfield code="a">BIBESET</subfield>
    <subfield code="b">BIBESET</subfield>
    <subfield code="c">circulacion</subfield>
    <subfield code="d">2023-09-08</subfield>
    <subfield code="o">371.1 AMB</subfield>
    <subfield code="p">61376</subfield>
    <subfield code="r">2023-09-08</subfield>
    <subfield code="t">3</subfield>
    <subfield code="y">LIB</subfield>
  </datafield>
  <datafield tag="952" ind1=" " ind2=" ">
    <subfield code="0">0</subfield>
    <subfield code="1">0</subfield>
    <subfield code="a">BIBESET</subfield>
    <subfield code="b">BIBESET</subfield>
    <subfield code="c">circulacion</subfield>
    <subfield code="d">2023-10-05</subfield>
    <subfield code="l">0</subfield>
    <subfield code="o">371.1 AMB</subfield>
    <subfield code="p">61513</subfield>
    <subfield code="r">2023-10-05</subfield>
    <subfield code="t">4</subfield>
    <subfield code="w">2023-10-05</subfield>
    <subfield code="y">LIB</subfield>
  </datafield>
  <datafield tag="952" ind1=" " ind2=" ">
    <subfield code="0">0</subfield>
    <subfield code="1">0</subfield>
    <subfield code="a">BIBESET</subfield>
    <subfield code="b">BIBESET</subfield>
    <subfield code="c">circulacion</subfield>
    <subfield code="d">2024-06-13</subfield>
    <subfield code="o">371.1 AMB</subfield>
    <subfield code="p">62262</subfield>
    <subfield code="r">2024-06-18</subfield>
    <subfield code="t">5</subfield>
    <subfield code="y">LIB</subfield>
  </datafield>
  <datafield tag="952" ind1=" " ind2=" ">
    <subfield code="0">0</subfield>
    <subfield code="1">0</subfield>
    <subfield code="a">BIBESET</subfield>
    <subfield code="b">BIBESET</subfield>
    <subfield code="c">circulacion</subfield>
    <subfield code="d">2024-10-18</subfield>
    <subfield code="l">0</subfield>
    <subfield code="o">371.1 AMB</subfield>
    <subfield code="p">61709</subfield>
    <subfield code="r">2024-10-18</subfield>
    <subfield code="t">6</subfield>
    <subfield code="w">2024-10-18</subfield>
    <subfield code="y">LIB</subfield>
  </datafield>
</record>
